<?xml version="1.0" encoding="UTF-8"?>
<record
    xmlns:xsi="http://www.w3.org/2001/XMLSchema-instance"
    xsi:schemaLocation="http://www.loc.gov/MARC21/slim http://www.loc.gov/standards/marcxml/schema/MARC21slim.xsd"
    xmlns="http://www.loc.gov/MARC21/slim">

  <leader>01969dam#a2200265   4500</leader>
  <controlfield tag="001">9786071522405</controlfield>
  <controlfield tag="003">VST</controlfield>
  <controlfield tag="005">20250425090632.0</controlfield>
  <controlfield tag="006">m     o  d        </controlfield>
  <controlfield tag="007">cr#un#---uucau</controlfield>
  <controlfield tag="008">240717s2024    MEX                     d</controlfield>
  <datafield tag="020" ind1=" " ind2=" ">
    <subfield code="a">9786071522405</subfield>
  </datafield>
  <datafield tag="040" ind1=" " ind2=" ">
    <subfield code="a">VST</subfield>
    <subfield code="c">VST</subfield>
    <subfield code="d">VST</subfield>
  </datafield>
  <datafield tag="100" ind1="1" ind2=" ">
    <subfield code="a">Gerardo Guajardo Cant&#xFA;, Nora Andrade de Guajardo</subfield>
    <subfield code="e">author</subfield>
  </datafield>
  <datafield tag="245" ind1="1" ind2="0">
    <subfield code="a">Contabilidad financiera, 8th Edition</subfield>
  </datafield>
  <datafield tag="250" ind1=" " ind2=" ">
    <subfield code="a">eighth edition</subfield>
  </datafield>
  <datafield tag="260" ind1=" " ind2=" ">
    <subfield code="a">Mexico :</subfield>
  </datafield>
  <datafield tag="264" ind1=" " ind2="1">
    <subfield code="a">Mexico :</subfield>
    <subfield code="b">McGraw-Hill Interamericana,</subfield>
    <subfield code="c">2024</subfield>
  </datafield>
  <datafield tag="300" ind1=" " ind2=" ">
    <subfield code="a">1 online resource</subfield>
  </datafield>
  <datafield tag="336" ind1=" " ind2=" ">
    <subfield code="a">text</subfield>
    <subfield code="b">txt</subfield>
    <subfield code="2">rdacontent</subfield>
  </datafield>
  <datafield tag="337" ind1=" " ind2=" ">
    <subfield code="a">computer</subfield>
    <subfield code="b">c</subfield>
    <subfield code="2">rdamedia</subfield>
  </datafield>
  <datafield tag="520" ind1=" " ind2=" ">
    <subfield code="a">Vivimos en una sociedad basada en informaci&#xF3;n y conocimiento; los necesitamos, accedemos y utilizamos de muy variada &#xED;ndole en todos los &#xF3;rdenes de la vida cotidiana. Dentro de ese vasto universo, se ubica la informaci&#xF3;n financiera, la cual trata de reflejar la realidad de las organizaciones econ&#xF3;micas a trav&#xE9;s de la contabilidad financiera, cuyo objetivo es generar y comunicar informaci&#xF3;n &#xFA;til para la toma de decisiones de los acreedores y accionistas de un negocio, as&#xED; como de otras partes interesadas en la situaci&#xF3;n financiera de este. Por lo anterior, es importante que el lector conozca qu&#xE9; es la informaci&#xF3;n financiera, para qu&#xE9; se utiliza, qui&#xE9;n la usa, qu&#xE9; beneficios genera, qui&#xE9;n la requiere y qu&#xE9; beneficios aporta a la sociedad. Todas estas cuestiones constituyen la parte medular de la cultura contable, necesaria para quien desee entender el empleo y uso de la informaci&#xF3;n financiera. En la octava edici&#xF3;n de Contabilidad financiera se analizan profundamente las implicaciones de la informaci&#xF3;n financiera en las organizaciones; asimismo, se incorporan las novedades recientes en las normas internacionales de informaci&#xF3;n financiera y los lineamientos de gobierno corporativo.</subfield>
  </datafield>
  <datafield tag="856" ind1="4" ind2="0">
    <subfield code="u">https://resolver.vitalsource.com/9786071522405</subfield>
  </datafield>
  <datafield tag="942" ind1=" " ind2=" ">
    <subfield code="c">RAA</subfield>
  </datafield>
  <datafield tag="952" ind1=" " ind2=" ">
    <subfield code="0">0</subfield>
    <subfield code="1">0</subfield>
    <subfield code="4">0</subfield>
    <subfield code="7">0</subfield>
    <subfield code="8">MGH</subfield>
    <subfield code="a">BD-UIN</subfield>
    <subfield code="b">BD-UIN</subfield>
    <subfield code="d">2025-04-25</subfield>
    <subfield code="l">0</subfield>
    <subfield code="r">2025-04-25</subfield>
    <subfield code="w">2025-04-25</subfield>
    <subfield code="y">RAA</subfield>
  </datafield>
  <datafield tag="999" ind1=" " ind2=" ">
    <subfield code="c">229126</subfield>
    <subfield code="d">229126</subfield>
  </datafield>
</record>
